000 00289nam a2200121Ia 4500
008 190216s9999||||xx |||||||||||||| ||und||
100 _aPublishers
245 0 _aGadyamangeri
260 _bCalicut University Publications
_c1986
300 _a53p
650 _aEssay Malayalam
942 _cBK
999 _c26298
_d26298